Les liens invisibles / (Record no. 88119)
[ view plain ]
| 000 -LEADER | |
|---|---|
| campo de control de longitud fija | 00560nam a2200169 i 4500 |
| 001 - NÚMERO DE CONTROL | |
| campo de control | 88119 |
| 003 - IDENTIFICADOR DE NÚMERO DE CONTROL | |
| campo de control | ES-MaACL |
| 007 - CAMPO FIJO DE DESCRIPCIÓN FÍSICA--INFORMACIÓN GENERAL | |
| campo de control de longitud fija | t| |
| 008 - DATOS DE LONGITUD FIJA--INFORMACIÓN GENERAL | |
| campo de control de longitud fija | 050103s1910 fr ||||1| fre d |
| 100 1# - ENTRADA PRINCIPAL--NOMBRE DE PERSONA | |
| Nombre de persona | Lagerlöf, Selma. |
| 9 (RLIN) | 69571 |
| 245 14 - MENCIÓN DEL TÍTULO | |
| Título | Les liens invisibles / |
| Mención de responsabilidad, etc. | Selma Lagerlöf ; nouvelles traduites et précédées d'une préface par André Bellessort. |
| 260 ## - PUBLICACIÓN, DISTRIBUCIÓN, ETC. | |
| Lugar de publicación, distribución, etc. | Paris : |
| Nombre del editor, distribuidor, etc. | Perrin et Cie, |
| Fecha de publicación, distribución, etc. | 1910 ( |
| Lugar de fabricación/manufactura | Lagny : |
| Fabricante | E. Grevin) |
| 300 ## - DESCRIPCIÓN FÍSICA | |
| Extensión | XVI, 346 p. ; |
| Dimensiones | 19 cm. |
| 500 ## - NOTA GENERAL | |
| Nota general | Prix Nobel en 1909. |
| 700 1# - ENTRADA AGREGADA--NOMBRE PERSONAL | |
| Nombre de persona | Bellessort, André. |
| 9 (RLIN) | 27200 |
| 852 ## - LOCALIZACIÓN | |
| Ubicación | ES-MaACL |
| Número de control de estantería | G-14651 |
| Estatus retirado | Estado de pérdida | Estado de daño | No para préstamo | Biblioteca de origen | Biblioteca actual | Ubicación en estantería | Fecha de adquisición | Fuente de adquisición | Total de préstamos | Signatura topográfica completa | Código de barras | Visto por última vez | Precio de reemplazo | Tipo de ítem Koha |
|---|---|---|---|---|---|---|---|---|---|---|---|---|---|---|
| Biblioteca del Ateneo de Madrid | Biblioteca del Ateneo de Madrid | Sala Pecera Planta 3 | 17/01/2008 | G-14651 | 1092052 | 23/02/2023 | 23/02/2023 | Libro impreso |
